000 00469nam a2200121Ia 4500
008 220616s9999||||xx |||||||||||||| ||und||
100 _aMolland, Sverre
245 0 _aChapter 5 State-centric safety and biometric economies
_bDocuments and recruitment chains
546 _aEnglish[eng]
650 _abrokered safety, politics, safe migration, Southeast Asia
856 _uhttps://library.oapen.org/bitstream/20.500.12657/50098/1/9781032015439_oachapter5.pdf
942 _cEB
999 _c19829
_d19829